000 02530cam a2200373 i 4500
999 _c523555
_d523555
001 18945691
003 NUST
005 20190426160906.0
008 160122s2016 nyuab b 001 0 eng
010 _a 2016003010
020 _a9781107053373 (hardback)
038 _aAZHAR
040 _aDLC
_beng
_cDLC
_erda
_dDLC
042 _apcc
043 _aa-cc---
050 0 0 _aKBP69.C5
_bE75 2016
082 0 0 _a342.5108/5297
_223
100 1 _aErie, Matthew S.,
_eauthor
_914190
245 1 0 _aChina and Islam :
_bthe prophet, the party, and law /
_cMatthew S. Erie, University of Oxford.
264 1 _aNew York, NY :
_bCambridge University Press,
_c2016.
300 _axvii, 447 pages :
_billustrations, maps ;
_c24 cm.
336 _atext
_btxt
_2rdacontent
337 _aunmediated
_bn
_2rdamedia
338 _avolume
_bnc
_2rdacarrier
490 0 _aCambridge studies in law and society
504 _aIncludes bibliographical references (pages 370-435 and index).
505 8 _aMachine generated contents note: Introduction: the Party-State enters the mosque; 1. History, the Chinese state, and Islamic law; 2. Linxia at the crossroads; 3. Ritual lawfare; 4. Learning the law; 5. Wedding laws; 6. Moral economies; 7. Procedural justice; Conclusion: law, minjian, and the ends of anthropology.
520 _a"China and Islam examines the intersection of two critical issues of the contemporary world: Islamic revival and an assertive China, questioning the assumption that Islamic law is incompatible with state law. It finds that both Hui and the Party-State invoke, interpret, and make arguments based on Islamic law, a minjian (unofficial) law in China, to pursue their respective visions of 'the good'. Based on fieldwork in Linxia, 'China's Little Mecca', this study follows Hui clerics, youthful translators on the 'New Silk Road', female educators who reform traditional madrasas, and Party cadres as they reconcile Islamic and socialist laws in the course of the everyday. The first study of Islamic law in China and one of the first ethnographic accounts of law in postsocialist China, China and Islam unsettles unidimensional perceptions of extremist Islam and authoritarian China through Hui minjian practices of law"--
_cProvided by publisher.
650 0 _aIslamic law
_zChina.
_914191
650 0 _aLaw
_zChina.
_914192
906 _a7
_bcbc
_corignew
_d1
_eecip
_f20
_gy-gencatlg
942 _2ddc
_cBK